Nábrežie rieky Moravy - Devín

Gespeichert in:
Bibliographische Detailangaben
1. Verfasser: Mišek, Matúš (Verfasst von)
Weitere Verfasser: Nádaská, Zuzana (Betreuung Doktorarbeit)
Format: Manuskript Buch
Sprache:Slowakisch
Veröffentlicht: 2019
Schlagworte:
Online-Zugang:http://is.stuba.sk/zp/portal_zp.pl?podrobnosti=143224
https://opac.crzp.sk/?fn=detailBiblioForm&sid=9F8942B94996237AA3F518F666DC
Tags: Tag hinzufügen
Keine Tags, Fügen Sie das erste Tag hinzu!

MARC

LEADER 00000ntm a22000003a 4500
001 stuzp72521
003 SK-STU
005 20230608092432.1
007 ta
008 150427s2015----xo-----f-mn---000-0-slo-d
040 |a STU  |b slo 
041 0 |a slo 
100 1 |a Mišek, Matúš  |u 010310  |k Z4  |4 aut  |U SvF Stavebná fakulta  |T SvF Katedra architektúry  |X 63283  |U V181|V310  |Y 19  |7 63283 
242 0 1 |a Bank of the river Morava - Devín  |y eng 
245 1 0 |a Nábrežie rieky Moravy - Devín 
260 |c 2019 
650 4 |a Morava  |2 slo 
650 4 |a Devín  |2 slo 
650 4 |a Dunaj  |2 slo 
650 4 |a Moravia  |2 eng 
650 4 |a Devin  |2 eng 
650 4 |a Danube  |2 eng 
700 1 |a Nádaská, Zuzana  |u 010310  |k Z8  |4 ths  |U SvF Stavebná fakulta  |T SvF Katedra architektúry  |X 790  |U V181|V310  |Y 19  |7 A000000790 
856 4 |u http://is.stuba.sk/zp/portal_zp.pl?podrobnosti=143224 
856 4 |u https://opac.crzp.sk/?fn=detailBiblioForm&sid=9F8942B94996237AA3F518F666DC